000 00439nam a2200145 a 4500
001 000045498
005 20220328111526.0
008 150410s1993 dr ac 000 0 spa d
040 _aDO-SdBNP
_bspa
_cBNPHU
082 _axxxx
_bxxxx
100 1 _aPepén, Juan F.
_q (Juan Felix)
_913174
245 1 0 _aEmpezando a convivir /
_cJuan F. Pepén.
260 _aSanto Domingo :
_bAmigo del Hogar,
_c1993.
300 _a91 p. :
_bil., retrs. ;
_c15 cm.
999 _c44987
_d44987